| 000 | 00691cam a2200205ua 4500 | ||
|---|---|---|---|
| 005 | 20260515114530.0 | ||
| 008 | 160910n ii |||gr||||Z||||||asm | ||
| 020 | _a8185916365 | ||
| 040 | _cMAIN | ||
| 082 |
_a491.3 _bTHA |
||
| 100 |
_aThakur, Nagen, _eauthor |
||
| 245 |
_aPali prakrit apabhrangsha bhasha aru sahitya : _bsanskrit pali-prakrit aru Asamiya bhashar tulanamulak alochana saha/ _cBy Nagen Thakur . |
||
| 250 | _a12th rev. ed. | ||
| 260 |
_aGuwahati: _bK.M. publishing, _c2022. |
||
| 300 | _a235+144p. | ||
| 650 | _aLanguages and literatures of Middle Indo Aryan period | ||
| 653 | _aEast Indo-European & Celtic languages | ||
| 653 | _aAssamese language | ||
| 942 |
_cBK _2ddc |
||
| 999 |
_c8848 _d8848 |
||